| 000 | 01491cam a2200361 a 4500 | ||
|---|---|---|---|
| 999 |
_c219532 _d219532 |
||
| 001 | 14845299 | ||
| 003 | Nust | ||
| 005 | 20190328055254.0 | ||
| 008 | 070510s2007 nyua j 000 1 eng | ||
| 010 | _a 2007014472 | ||
| 020 | _a9780747595687 | ||
| 035 | _a(OCoLC)ocn128235986 | ||
| 035 | _a(OCoLC)128235986 | ||
| 038 | _aArshad | ||
| 040 |
_aDLC _cDLC _dBKX _dBAKER _dBTCTA _dIEF _dDLC |
||
| 042 |
_alcac _alcac |
||
| 050 | 0 | 0 |
_aPZ7.G1273 _bMaal 2007 |
| 082 | 0 | 0 |
_a823.914 _bGAI |
| 100 | 1 |
_aGaiman, Neil. _98006 |
|
| 245 | 1 | 0 |
_aM is for magic / _cNeil Gaiman ; illustrations by Teddy Kristiansen. |
| 250 | _a1st ed. | ||
| 260 |
_aNew York : _bHarperCollins, _c2007. |
||
| 300 |
_axii, 249 p. : _bill. ; _c22 cm. |
||
| 505 | 0 | _aInstructions -- The case of the four and twenty blackbirds -- Troll bridge -- Don't ask Jack -- How to sell the Ponti Bridge -- October in the chair -- Chivalry -- The price -- How to talk to girls at parties -- Sunbird -- The witch's headstone. | |
| 520 | _aEleven stories that involve strange and fantastical events. | ||
| 650 | 0 |
_aChildren's stories, American. _914020 |
|
| 650 | 1 |
_aShort stories. _91396 |
|
| 700 | 1 |
_aKristiansen, Teddy H. _914021 |
|
| 856 | 4 | 1 |
_3Table of contents only _uhttp://www.loc.gov/catdir/toc/ecip0717/2007014472.html |
| 906 |
_a7 _bcbc _corignew _d1 _eecip _f20 _gy-gencatlg |
||
| 942 |
_2ddc _cBK |
||